|
|
|
|
| LEADER |
00000cam a2200000 c 4500 |
| 001 |
1087380634 |
| 003 |
DE-627 |
| 005 |
20220514113434.0 |
| 007 |
tu |
| 008 |
890320s1988 xx ||||| 00| ||eng c |
| 035 |
|
|
|a (DE-627)1087380634
|
| 035 |
|
|
|a (DE-576)017380634
|
| 035 |
|
|
|a (DE-599)BSZ017380634
|
| 035 |
|
|
|a (OCoLC)310845886
|
| 040 |
|
|
|a DE-627
|b ger
|c DE-627
|e rakwb
|
| 041 |
|
|
|a eng
|
| 100 |
1 |
|
|a Painter, Kate
|4 aut
|
| 245 |
1 |
4 |
|a The West Kensington Estate Survey
|b confidential - not for quotation or press release
|c Kate Painter; John Lea and Jock Young
|
| 250 |
|
|
|a 1. draft
|
| 264 |
|
1 |
|a [Enfield]
|b [Middlesex Polytechnic]
|c [1988]
|
| 300 |
|
|
|a [28 Bl.]
|
| 336 |
|
|
|a Text
|b txt
|2 rdacontent
|
| 337 |
|
|
|a ohne Hilfsmittel zu benutzen
|b n
|2 rdamedia
|
| 338 |
|
|
|a Band
|b nc
|2 rdacarrier
|
| 583 |
1 |
|
|a Archivierung prüfen
|c 20200919
|f DE-640
|z 1
|2 pdager
|
| 700 |
1 |
|
|a Lea, John
|4 aut
|
| 700 |
1 |
|
|a Young, Jock
|d 1942-2013
|0 (DE-588)131510622
|0 (DE-627)509874584
|0 (DE-576)163643865
|4 aut
|
| 951 |
|
|
|a BO
|
| ELC |
|
|
|b 1
|
| LOK |
|
|
|0 000 xxxxxcx a22 zn 4500
|
| LOK |
|
|
|0 001 2127902270
|
| LOK |
|
|
|0 003 DE-627
|
| LOK |
|
|
|0 004 1087380634
|
| LOK |
|
|
|0 005 20151030135846
|
| LOK |
|
|
|0 008 890320||||||||||||||||ger|||||||
|
| LOK |
|
|
|0 040
|a DE-21
|c DE-627
|d DE-21
|
| LOK |
|
|
|0 852
|a DE-21
|
| LOK |
|
|
|0 852 1
|c KB 8 E 2597
|9 00
|
| LOK |
|
|
|0 935
|a krim
|
| LOK |
|
|
|0 939
|a 20-03-89
|b l01
|
| ORI |
|
|
|a SA-MARC-krimdoka001.raw
|
| SIG |
|
|
|a UB: KB 8 E 2597
|